MARC

LEADER 00000nam0a2200000 4500
001 261511
005 20231101233554.0
035 |a (RuTPU)RU\TPU\book\284492 
090 |a 261511 
100 |a 20140523d1987 k y0rusy50 ca 
101 0 |a rus 
102 |a RU 
105 |a a z 001zy 
200 1 |a Средне-мелкомасштабная аэрограмма-спектрометрическая съемка. Методические рекомендации по аэрогамма-спектроскопическому обеспечению региональных прогнозно-металлогенических работ  |f Научно-производственное объединение "Рудгеофизика" 
210 |a Ленинград  |c НПО Рудгеофизика  |d 1987 
215 |a 119 с.  |c ил. 
320 |a Библиогр.: с. 117. 
606 1 |a Аэрорадиометрическая разведка  |x (геология)  |2 stltpush  |3 (RuTPU)RU\TPU\subj\29967  |9 53180 
610 1 |a аэрогаммаспектрометрическая съемка 
610 1 |a аэрогамма-спектрометрическое обеспечение 
610 1 |a региональные работы 
610 1 |a проектирование 
610 1 |a организация 
610 1 |a мелкомасштабная съемка 
610 1 |a среднемасштабная съемка 
610 1 |a геолого-геофизическая интерпретация 
610 1 |a наземные работы 
610 1 |a методические рекомендации 
675 |a 550.835:550.814  |v 3 
712 0 2 |a Научно-производственное объединение "Рудгеофизика"  |2 stltpush  |3 (RuTPU)RU\TPU\col\9324  |9 24685 
801 1 |a RU  |b 63413507  |c 20140523 
801 2 |a RU  |b 63413507  |c 20150325  |g RCR 
942 |c BK